000 00632nab#a2200217#c#4500
999 _c87940
_d87940
003 IEF
005 20191205173817.0
008 950704s1976 uuu|| #####0 b| |u
040 _aIEF
_cES-MaIEF
100 1 _aMoreno Bas, Elías
_930286
245 _aDos modelos teóricos de la distribución personal del ingreso
_buna ilustración para el caso español
_c Elías Moreno Bas
260 _c1976
500 _aApéndice
650 4 _aRENTA
_950200
650 4 _aDISTRIBUCION
_98496
650 4 _aTEORIAS
_948553
773 0 _tHacienda pública española
_w34570
_g40, p. 181-197
942 _2udc
942 _2udc